Mystery License Plate #1 - Statistics

General Stats
  • This quiz has been taken 35 times
  • The average score is 9 of 11
Answers on the Map
Answers color-coded by a green-red scale on the quiz's map according to % correct below.
 
Answer Stats
Question Answer % Correct
Who is the 44th President of the United States of America Barack Obama
100%
A landform consisting of multiple islands is called Archipelago
92%
Which dwarf planet is famous for its strange egg shape. Haumea
81%
Name one of the moons of the above Hi'iaka | Namaka
81%
What is the tallest mountain from base to peak Mauna Kea
81%
What mineral is responsible for creating Green sand beaches Olivine
81%
The attack on which harbor led the USA to join World War Two? Pearl
81%
Which Pacific Civilization was known for its excellence in seafaring and navigation before modern navigation technology? Polynesians
81%
What is the #1 banana brand in North America and #2 in Europe Dole plc
77%
What is the only Royal Palace on US soil Iolani
77%
What is the rarest species of Geese is called Nene
77%
No matching quizzes found
Score Distribution
Percent of People with Each Score
Percentile by Number Answered
Your Score History
You have not taken this quiz